| 000 | 00788nam a2200265 a 4500 | ||
|---|---|---|---|
| 005 | 20140414131851.0 | ||
| 008 | 970101s19uu xx 00 eng d | ||
| 020 | _a0-86592-114-8 | ||
| 050 |
_aM 567.9 _bSh3 1981 |
||
| 100 | _aSheehan, Angela | ||
| 245 |
_aTyrannosaurus / _cwritten by Angela Sheehan; illustrated by George Thompson. |
||
| 260 |
_aVero Beach, FL : _bRay Rourke Publishing, _c1981. |
||
| 300 | _a23 p. : ill. ; cm. | ||
| 520 | _aLife Tyrannosaurus as he searches for prey to assuage his hunger. | ||
| 650 |
_aTyrannosaurus rex _xJuvenile literature. |
||
| 650 |
_aDinosaurs _xJuvenile literature. |
||
| 999 |
_c110188 _d110188 |
||